000 00450nam a2200157 i 4500
001 71047
003 ES-MaACL
005 20230906171013.0
007 t|
008 040805s1970 sp ||||1| spa d
100 1 _aGasolibáa, Carles A.
_9127250
245 1 0 _aEstudio económico de la industria farmacéutica /
_cCarles A. Gasoliba.
260 _aBarcelona :
_bAriel,
_c[1970]
300 _a210 p. ;
_c23 cm.
852 _aES-MaACL
_jC-44531
_bR.74196
999 _c71047
_d71047